| 000 | 00456nam a22001697a 4500 | ||
|---|---|---|---|
| 003 | NUST - PNEC | ||
| 005 | 20170116180940.0 | ||
| 008 | 150907b xxu||||| |||| 00| 0 eng d | ||
| 020 | _a0070113114 | ||
| 040 | _cLIBRARY | ||
| 082 | _a658.4032 CLE | ||
| 100 |
_98684 _aCleland, David I |
||
| 245 |
_aSystems analysis and project management _cDavid I. Cleland |
||
| 260 | _cc.1983 | ||
| 650 |
_98685 _aManagement information System _xMIS |
||
| 942 |
_2ddc _cBK |
||
| 999 |
_c66134 _d66134 |
||